Riconosci il Pokémon - Quiz n°436 - Statistics

Statistiche generali
  • Questo quiz è stato fatto 2 volte
  • Il punteggio medio è 9 su 10
Statistiche sulle risposte
Indizio Risposta % Corretto
Peso 175,0 kg
100%
Altezza 2,0 m
100%
Tasso di cattura 45 (11.9%)
100%
Tipo Acqua / Ghiaccio
100%
Abilità Assorbacqua; Corpogelo; Spalaneve
100%
Stadio evoluzione Non si evolve
100%
Generazione Ottava
100%
Sesso Sconosciuto
100%
Pokémon Arctovish
50%
Tasso di allevamento Lento
50%
Nessun quiz corrispondente trovato
Distribuzione punteggi
Percentuale di utenti per punteggio
Percentile per numero di risposta
I tuoi punteggi nel tempo
Non hai fatto questo quiz